00492nam a2200205Ia 4500008004100000020001800041100001800059245001400077245001800091260001500109260002000124260000900144300002700153300002700180300001500207650001700222650001400239650002500253700000800278160803s9999 xx 000 0 und d a9780064431453 aBarton, Byron aAirport / cByron Barton. aNew York : bScholastic Inc. c1982 a32 unnumbered pages :  bcolor illustrations ;  c21 x 26 cm aAirports --  aAirports. xJuvenile literature. a400